Membres des BTS - Statistiques

Statistiques générales
  • Ce quiz a été pris 7 697 fois
    5 246 depuis la dernière actualisation
  • Le résultat moyen est 6 sur 7
Statistiques - réponses
Membres % Correct
V
91%
Jungkook
89%
Jimin
87%
Suga
86%
Jin
84%
RM
84%
J-Hope
81%
Aucun quiz correspondant
Distribution des résultats
% des personnes avec chaque résultat
Percentile par nombre de réponses
Votre historique - résultats
Vous n’avez pas pris ce quiz depuis la dernière actualisation